Encuentros, visiones y repasos: capítulos en el camino de mi música y mi vida
Salvato in:
| Autore principale: | |
|---|---|
| Natura: | Libro |
| Lingua: | spagnolo |
| Pubblicazione: |
Santiago
Ediciones PUC
2005
|
| Edizione: | 1a. ed |
| Serie: | Biografías
|
| Soggetti: | |
| Tags: |
Aggiungi Tag
Nessun Tag, puoi essere il primo ad aggiungerne!!
|
MARC
| LEADER | 00000cam a2200000 a 4500 | ||
|---|---|---|---|
| 001 | UCC0473 | ||
| 003 | CL-VaPUC | ||
| 008 | 170818e20050000cl |||||||||||||||||spa|d | ||
| 020 | |a 9561408341 | ||
| 082 | 0 | 4 | |a 780.983 |b ORR |2 21 |
| 100 | |a Orrego Salas, Juan |e autor |9 353435 | ||
| 245 | 1 | 0 | |a Encuentros, visiones y repasos: capítulos en el camino de mi música y mi vida |
| 250 | |a 1a. ed | ||
| 300 | |a 453 p | ||
| 942 | |c BK | ||
| 945 | |d 20170818 15:36:00 |a dcastane | ||
| 260 | |a Santiago |b Ediciones PUC |c 2005 | ||
| 650 | 0 | |a Músicos chilenos |9 306645 | |
| 650 | 0 | |a Música chilena |9 306643 | |
| 650 | 0 | |a Compositores chilenos |9 306644 | |
| 583 | |a last modification |c 20170818 15:36:00 |k Rodrigo Vera | ||
| 490 | 0 | |a Biografías | |
| 999 | |c 369308 |d 369306 | ||
| 952 | |0 0 |1 0 |3 erb |4 0 |6 780_983000000000000_ORR_2005 |7 0 |8 ? |9 485056 |a BIBEDU |b BIBEDU |i 5413877 |l 1 |o 780.983 ORR 2005 |p 5413877 |r 2023-10-02 |s 2023-10-02 |w 2019-11-24 |y BK |z Catalogado en:20170818 |k MUS | ||